000 00674cam a2200193 i 4500
005 20251202111505.0
008 250721s2012 jo gr 000 0 ara d
082 1 4 _a211.2
_bخ ل ي
100 1 _aالخليلي، منير مصطفى
_eمؤلف.
245 1 0 _aأحكام التجويد المبسط /
_cتأليف منير مصطفى الخليلي.
246 1 0 _aالطبعة الأولى.
264 3 1 _aعمان :
_bدار المأمون للنشر و التوزيع،
_c2012.
300 _a59 صفحة.
650 1 7 _aالقرآن الكريم.
650 1 7 _aقراءة القرآن.
653 _aالتجويد
942 _2ddc
_cBK
999 _c18743
_d18743